000 01019nam a2200205 4500
001 1118
005 20220107135038.0
008 220107b |||||||| |||| 00| 0 eng d
020 0 0 _a9993668788
090 0 0 _a344.01 L1251L 2007
110 _aMinistry of Labour and Human Resources, Royal Government of Bhutan.
245 0 0 _aའབྲུག༌གི༌ལས༌མི༌དང༌ལཱ༌གཡོག༌བཅའ༌ཁྲིམས༌སྤྱི༌ལོ༌༢༠༠༧༌ཅན༌མ། Labour and Employment Act of Bhutan, 2007 /
_cMinistry of Labour and Human Resources, Royal Government of Bhutan.
260 0 0 _aThimphu :
_bMinistry of Labour and Human Resources,
_c2007.
300 0 0 _a 63 p. ; 22 cm.
500 _aElectronic copy available on RTC Cloud in "Library" folder
500 0 0 _aEnglish and Dzongkha on opposite pages.
650 0 0 _aLabor laws and legislation --Bhutan.
856 _uhttp://www.molhr.gov.bt/publication/labouract.pdf
_yLabour and Employment Act of Bhutan, 2007
942 _2ddc
_cDZONGKHA
999 _c778
_d778